000 00368 a2200121 4500
001 ART_11834
005 20260410161901.0
008 260409a
245 1 0 _aParticipation rules for pareto-optimal clubs
100 1 _aHillman, Arye L.
700 1 _aSwan, Peter L.
773 0 _tJournal of public economics
_g- Vol. 20, NÂș 1 (feb. 1983)
_wREV11485
999 _c25880
_d25880